Jedes Schulfach eine Frage - A - Statistiken

Allgemein
  • Dieses Quiz wurde 570 mal gespielt
  • Das Durchschnittsergebnis liegt bei 12 aus 17
Antwortstatistiken
Schulfach Frage Antwort % Korrekt
Englisch "Apfel" auf Englisch apple
100%
Erdkunde Größter Kontinent der Erde Asien
96%
Politik Partei, der Politiker wie Alice Weidel, Björn Höcke und Alexander Gauland angehören AfD
95%
Mathematik Eine Rechnung mit Plus, z. B.: 2 + 13 Addition
94%
Religion Erster Mann auf Erden nach biblischer Überlieferung Adam
93%
Physik Vorname des Physikers, der die Relativitätstheorie aufstellte Albert
91%
Deutsch Der "4. Fall" Akkusativ
89%
Musik Schwedische Pop-Gruppe, die vor allem in den 1970er Jahren sehr erfolgreich war und eine der erfolgreichsten Bands der Welt ist ABBA
85%
Sport Gewinner der Fußball-Weltmeisterschaft der Herren 2022 Argentinien
84%
Biologie Gruppe von Tieren, die unter anderem Frösche, Kröten und Axolotl beinhaltet Amphibien
83%
Latein "Wasser" auf Lateinisch aqua
79%
Chemie Drei Formen von Stoffen: fest, flüssig und gasförmig Aggregatzustände
70%
Geschichte Antik-Griechische Göttin der Liebe Aphrodite
63%
Französisch "haben" auf Französisch avoir
46%
Kunst Farbmittel, die meist sehr wasserfest und deshalb schwer aus Kleidung rauszubekommen sind Acrylfarbe
32%
Philosophie Griechischer Philosoph, der eine seiner größten Entdeckungen angeblich beim Baden herausgefunden hatte und "Heureka!" rief Archimedes
31%
Informatik Abkürzung für Programmierschnittstelle API
11%
Keine übereinstimmenden Quizze gefunden
Verteilung der Resultate
Anzahl Personen mit jedem Resultat
Perzentil nach korrekt beantworteten Fragen
Ihre Resultats-Entwicklung
Sie haben dieses Quiz noch nicht gespielt